[Event "Asuncion Estandar op"]
[Site "Asuncion"]
[Date "2019.01.20"]
[Round "5"]
[White "Martinez Sanchez, Cristian"]
[Black "Garcia, Alejandro1"]
[Result "1-0"]
[WhiteElo "1437"]
[BlackElo "1263"]
[PlyCount "97"]
[EventDate "2019.01.18"]
[EventType "swiss"]
[EventRounds "7"]
[EventCountry "PAR"]
[SourceTitle "CBM 188 Extra"]
[Source "ChessBase"]
[SourceDate "2019.02.28"]
[SourceVersion "1"]
[SourceVersionDate "2019.02.28"]
[SourceQuality "1"]

1. c4 e5 2. Nc3 g6 3. g3 Bg7 4. Bg2 d6 5. e3 Nf6 6. Nge2 0-0 7. d4 Nbd7 8. 0-0 c6 9. b3 Re8 10. dxe5 dxe5 11. Bb2 Qc7 12. Qc2 a5 13. Rad1 Nc5 14. Ba3 Na6 15. Bd6 Nb4 16. Qb2 Qb6 17. Na4 Qa7 18. a3 Na6 19. Bxe5 Nh5 20. Bxg7 Nxg7 21. Nd4 Bg4 22. Rd2 Rac8 23. h3 Bf5 24. Nxf5 Nxf5 25. Nc3 Nc5 26. b4 Ne6 27. Ne4 Red8 28. Nf6+ Kg7 29. Rfd1 Rxd2 30. Rxd2 g5 31. Ne4+ Kg8 32. Qf6 Nfg7 33. Nxg5 b5 34. Nxe6 Nxe6 35. cxb5 cxb5 36. Rd6 axb4 37. axb4 Re8 38. Bc6 Re7 39. Bd5 Qc7 40. Bxe6 fxe6 41. Rxe6 Rxe6 42. Qxe6+ Kg7 43. Qd5 Qb6 44. Qd4+ Qxd4 45. exd4 Kf6 46. Kf1 Kf5 47. f3 Ke6 48. Ke2 Kd5 49. Kd3 1-0

[Event "Asuncion Estandar op"]
[Site "Asuncion"]
[Date "2019.01.19"]
[Round "2"]
[White "Brizuela, Jose Rodrigo"]
[Black "Martinez Sanchez, Cristian"]
[Result "1/2-1/2"]
[WhiteElo "1663"]
[BlackElo "1437"]
[PlyCount "37"]
[EventDate "2019.01.18"]
[EventType "swiss"]
[EventRounds "7"]
[EventCountry "PAR"]
[SourceTitle "CBM 188 Extra"]
[Source "ChessBase"]
[SourceDate "2019.02.28"]
[SourceVersion "1"]
[SourceVersionDate "2019.02.28"]
[SourceQuality "1"]

1. e4 e5 2. Nf3 Nc6 3. Bb5 a6 4. Ba4 Nf6 5. Nc3 b5 6. Bb3 d6 7. Ng5 Be6 8. Nxe6 fxe6 9. Bxe6 Nd4 10. Bd5 Nxd5 11. Nxd5 c6 12. Ne3 Be7 13. c3 Ne6 14. Qg4 Qd7 15. 0-0 0-0 16. Nf5 Bf6 17. d4 exd4 18. Nxd4 Kh8 19. Nxe6 1/2-1/2